[Event "Ch St. Petersburg"]
[Site "masterchessopen.com St. Petersburg (Russia)"]
[Round "11"]
[White "Klimov Sergey (RUS)"]
[Black "Malakhov Igor (RUS)"]
[Result "0-1"]
[WhiteElo "2505"]
[BlackElo "2428"]

1.e4 c5 2.Nf3 Nc6 3.d4 cxd4 4.Nxd4 g6 5.c4 Nf6 6.Nc3 d6 7.Be2 Nxd4 8.Qxd4 Bg7
9.Bg5 O-O 10.Qe3 Qa5 11.O-O Be6 12.Rac1 Rac8 13.b3 Rfe8 14.f4 Rc5 15.Bh4 b5
16.Nxb5 Qxa2 17.Ra1 Qc2 18.Bxf6 Bxf6 19.e5 Bxe5 20.fxe5 Rxe5 21.Bd1 Qxd1
22.Qxe5 Qxf1+ 23.Kxf1 dxe5 24.Rxa7 Rd8 25.Nc7 Rd1+ 26.Kf2 Bf5 27.Nd5 Rd2+
28.Ke1 Rxg2 29.Nxe7+ Kg7 30.c5 Bg4 31.c6 e4 32.Nd5 e3 {#R} 0-1

[Event "It (open)"]
[Site "masterchessopen.com Brno (Czech Republic)"]
[Date "2011.06.26"]
[Round "2"]
[White "Blahynka Martin (CZE)"]
[Black "Bocek Tadeas (CZE)"]
[Result "1-0"]
[WhiteElo "2098"]
[BlackElo "1827"]

1.e4 c5 2.Nf3 Nc6 3.d4 cxd4 4.Nxd4 g6 5.c4 Nf6 6.Nc3 d6 7.Be2 Nxd4 8.Qxd4 Bg7
9.Be3 O-O 10.Qd2 Qa5 11.Rc1 Be6 12.f3 Rfc8 13.b3 a6 14.Na4 Qxd2+ 15.Kxd2 Rc6
16.g4 Rd8 17.h3 Bc8 18.Rhd1 Be6 19.Ke1 Rf8 20.Nc3 Rcc8 21.f4 Bd7 22.e5 Ne8
23.Nd5 Kh8 24.Nxe7 Rb8 25.c5 Be6 26.cxd6 Rd8 27.Bb6 {#r} 1-0

[Event "Ch Pan-American (juniors) (under 12) (g)"]
[Site "masterchessopen.com Cali (Colombia)"]
[Date "2011.07.07"]
[Round "7"]
[White "Sarmiento Robles Paula (ECU)"]
[Black "Dominguez Laura Lucia (COL)"]
[Result "1-0"]
[WhiteElo "1672"]
[BlackElo "1948"]

1.e4 c5 2.Nf3 g6 3.d4 cxd4 4.Nxd4 Nc6 5.c4 Nf6 6.Nc3 Nxd4 7.Qxd4 d6 8.f3 Bg7
9.Be3 O-O 10.Qd2 Be6 11.Be2 Qa5 12.Nd5 Qxd2+ 13.Bxd2 Nxd5 14.cxd5 Bd7 15.Rb1
Rfc8 16.Bd3 h5 17.Ke2 Rc7 18.b3 a6 19.a4 Bd4 20.Rhc1 Bb6 21.Be3 Rac8 22.Rxc7
Bxc7 23.Rc1 Bd8 24.Rxc8 Bxc8 25.Bb5 e6 26.dxe6 Bxe6 27.Bc4 Bxc4+ 28.bxc4 {#r}
1-0

[Event "Tournament (open)"]
[Site "masterchessopen.com Novokuznetsk (Russia)"]
[Round "4"]
[White "Sergeev Albert (RUS)"]
[Black "Petrukhina Irina (RUS)"]
[Result "1-0"]
[WhiteElo "2329"]
[BlackElo "2148"]

1.e4 c5 2.Nf3 Nc6 3.d4 cxd4 4.Nxd4 g6 5.c4 Nf6 6.Nc3 Nxd4 7.Qxd4 d6 8.Be2 Bg7
9.Be3 O-O 10.Qd2 a5 11.Rd1 Be6 12.O-O a4 13.f4 Qa5 14.Bd4 Rfc8 15.b3 axb3
16.axb3 Kf8 17.f5 gxf5 18.exf5 Bxf5 19.b4 Qxb4 20.Rxf5 e5 21.Be3 Ra3 22.Bh6
Ne8 23.Rdf1 f6 24.Bxg7+ Kxg7 25.Rxf6 Nxf6 26.Qg5+ Kh8 27.Qxf6+ Kg8 28.Qe6+
{#r} 1-0

[Event "Ch World (juniors) (under 20)"]
[Site "masterchessopen.com Chennai (India)"]
[Date "2011.08.12"]
[Round "10"]
[White "Kourkoulos-Arditis Stamatis (GRE)"]
[Black "Barbier Sigiswald (BEL)"]
[Result "1-0"]
[WhiteElo "2129"]
[BlackElo "2085"]

1.e4 c5 2.Nf3 g6 3.d4 cxd4 4.Nxd4 Nc6 5.c4 Nf6 6.Nc3 d6 7.Be2 Nxd4 8.Qxd4 Bg7
9.Be3 O-O 10.Qd2 Be6 11.f3 Qa5 12.O-O Rfc8 13.b3 a6 14.b4 Qd8 15.Na4 Nd7
16.Rac1 a5 17.b5 b6 18.f4 f6 19.f5 Bf7 20.fxg6 hxg6 21.Bg4 Rxc4 22.Rxc4 Bxc4
23.Bxd7 Bxf1 24.Be6+ Kf8 25.Kxf1 Rb8 26.Qd5 Qc7 27.Qc6 Qxc6 28.bxc6 {#r} 1-0

[Event "Ch Russia (superfinal) (w)"]
[Site "masterchessopen.com Moscow (Russia)"]
[Date "2011.08.26"]
[Round "7"]
[White "Kovanova Baira (RUS)"]
[Black "Shadrina Tatiana (RUS)"]
[Result "0-1"]
[WhiteElo "2354"]
[BlackElo "2373"]

1.e4 c5 2.Nf3 g6 3.d4 cxd4 4.Nxd4 Nc6 5.c4 Nf6 6.Nc3 Nxd4 7.Qxd4 d6 8.Be2 Bg7
9.Be3 O-O 10.Qd2 a5 11.Rd1 Be6 12.O-O a4 13.f4 Qa5 14.Bd4 Rfc8 15.b3 axb3
16.axb3 Qd8 17.f5 Bd7 18.Bxf6 Bxf6 19.Nd5 Be5 20.fxg6 hxg6 21.Qg5 Kg7 22.Nxe7
Qb6+ 23.Kh1 Rh8 24.g3 Be6 25.Bg4 Ra2 26.h4 Bxg3 27.Rxf7+ Bxf7 28.Nf5+ Kf8
29.Nxg3 Qf2 30.Qd8+ Kg7 31.Nf5+ Kh7 {#R} 0-1

[Event "Ch Serbia (team Premier)"]
[Site "masterchessopen.com Valjevo (Serbia)"]
[Date "2011.08.30"]
[Round "4"]
[White "Kovacevic Aleksandar (SRB)"]
[Black "Dimitrijevic Srdjan (SRB)"]
[Result "1-0"]
[WhiteElo "2568"]
[BlackElo "2302"]

1.e4 c5 2.Nf3 Nc6 3.d4 cxd4 4.Nxd4 g6 5.c4 Nf6 6.Nc3 d6 7.Be2 Nxd4 8.Qxd4 Bg7
9.Be3 O-O 10.Qd2 Be6 11.O-O Nd7 12.f3 a5 13.Nb5 Nc5 14.Rab1 Bd7 15.b3 Bc6
16.Rfd1 Qc8 17.Bf1 b6 18.a3 Qb7 19.Nd4 Bd7 20.Ne2 Rfc8 21.Nf4 Bh6 22.Kh1 Ne6
23.Nd5 Bxe3 24.Qxe3 Re8 25.Nxb6 Rab8 26.Nxd7 Qxd7 27.e5 Qc7 28.exd6 exd6
29.Qd2 {#r} 1-0

[Event "Ch Kuzbass (open)"]
[Site "masterchessopen.com Kemerovo (Russia)"]
[Date "2011.10.18"]
[Round "6"]
[White "Lapenko Andrey (RUS)"]
[Black "Romanova Anastasia (RUS)"]
[Result "0-1"]
[WhiteElo "1654"]
[BlackElo "1913"]

1.e4 c5 2.Nf3 Nc6 3.d4 cxd4 4.Nxd4 g6 5.c4 Nf6 6.Nc3 Nxd4 7.Qxd4 d6 8.Be2 Bg7
9.O-O O-O 10.Qd1 Be6 11.Qa4 Nd7 12.Be3 a6 13.Qc2 Rc8 14.b3 b5 15.Rac1 bxc4
16.bxc4 Bxc4 17.Bxc4 Rxc4 18.Qb3 Rc8 19.Nd5 Nc5 20.Bxc5 Rxc5 21.Qb7 e6 22.Rxc5
dxc5 23.Nb6 Qd6 24.Qxa6 Rb8 25.Rb1 c4 26.Qa5 c3 {#R} 0-1

[Event "Ch Gipuzkoa"]
[Site "masterchessopen.com Donostia (Spain)"]
[Date "2011.12.03"]
[Round "7"]
[White "Etxagibel Larranaga Asier (ESP)"]
[Black "Ruiz Abad Juan Manuel"]
[Result "0-1"]
[WhiteElo "2029"]
[BlackElo "1876"]

1.e4 c5 2.Nf3 Nc6 3.d4 cxd4 4.Nxd4 g6 5.c4 Nf6 6.Nc3 d6 7.Be2 Nxd4 8.Qxd4 Bg7
9.O-O O-O 10.Qd3 Nd7 11.Be3 Nc5 12.Qd2 Bxc3 13.Qxc3 Nxe4 14.Qd4 f5 15.Bf3 Nf6
16.Rfd1 Qc7 17.Rac1 Be6 18.Bg5 Qc5 19.Qh4 Bd7 20.Bxb7 Rae8 21.Bd5+ Nxd5
22.cxd5 Qb6 23.Bxe7 Rf7 24.Bf6 Re4 25.Qg5 Rg4 26.Qe3 Qxe3 27.fxe3 Rxf6 28.Rc7
Bb5 29.Rxa7 f4 30.h3 fxe3 {#R} 0-1

[Event "Ch Portugal (w)"]
[Site "masterchessopen.com Lisbon (Portugal)"]
[Date "2011.12.18"]
[Round "3"]
[White "Nogueira Diana Sofia (POR)"]
[Black "Correia Sandra Ventura (POR)"]
[Result "0-1"]
[WhiteElo "1475"]
[BlackElo "1859"]

1.e4 c5 2.Nf3 g6 3.d4 cxd4 4.Nxd4 Nc6 5.c4 Nf6 6.Nc3 d6 7.Be3 Ng4 8.Bc1 Qb6
9.Nd5 Qxd4 10.Qxd4 Nxd4 11.b3 Nc2+ 12.Kd2 Nxa1 13.Nc7+ Kd8 14.Nxa8 Nxf2 15.Rg1
Nxe4+ 16.Kd1 Bg7 17.Bd3 Nc3+ 18.Kd2 Nxa2 {#R} 0-1

[Event "It (open)"]
[Site "masterchessopen.com Litomysl (Czech Republic)"]
[Date "2011.12.29"]
[Round "6"]
[White "Zakharchenko Arnold (UKR)"]
[Black "Drozdowski Kacper (POL)"]
[Result "0-1"]
[WhiteElo "2233"]
[BlackElo "2314"]

1.c4 c5 2.Nf3 Nc6 3.d4 cxd4 4.Nxd4 g6 5.e4 Nf6 6.Nc3 Nxd4 7.Qxd4 d6 8.Be2 Bg7
9.Be3 O-O 10.Qd2 a5 11.Rd1 Be6 12.O-O a4 13.c5 a3 14.b3 dxc5 15.Bxc5 Qxd2
16.Rxd2 Rfc8 17.Bb4 Rxc3 18.Bxc3 Nxe4 19.Bxg7 Nxd2 20.Rd1 Kxg7 21.Rxd2 Bxb3
22.f4 Be6 23.Kf2 b5 24.Bf3 Ra7 25.Ke3 b4 {#R} 0-1

[Event "It (open) (b)"]
[Site "masterchessopen.com Krakow (Poland)"]
[Date "2012.01.02"]
[Round "7"]
[White "Mucha Piotr"]
[Black "Waterfield John (ENG)"]
[Result "1-0"]
[WhiteElo "1926"]
[BlackElo "2008"]

1.e4 c5 2.Nf3 g6 3.d4 cxd4 4.Nxd4 Nc6 5.c4 Nf6 6.Nc3 d6 7.Be3 Ng4 8.Bc1 Bg7
9.Nxc6 bxc6 10.Be2 Ne5 11.Be3 Qa5 12.O-O Be6 13.Bd4 O-O 14.f4 c5 15.Bxe5 dxe5
16.f5 Rfd8 17.Qc1 Bd7 18.fxg6 hxg6 19.Nd5 Re8 20.Qg5 Qd8 21.h4 Rc8 22.h5 Rc6
23.Rf2 Be6 24.Ne3 Bc8 25.Rd1 Rd6 26.Rdf1 Rf6 27.Nd5 Rxf2 28.Rxf2 gxh5 29.Qxh5
{#r} 1-0

[Event "It (open)"]
[Site "masterchessopen.com Mantova (Italy)"]
[Date "2012.01.03"]
[Round "3"]
[White "Dvirnyy Daniyyl (ITA)"]
[Black "Bontempi Piero (ITA)"]
[Result "1-0"]
[WhiteElo "2492"]
[BlackElo "2336"]

1.e4 c5 2.Nf3 Nc6 3.d4 cxd4 4.Nxd4 g6 5.c4 Nf6 6.Nc3 Nxd4 7.Qxd4 d6 8.Be2 Bg7
9.Be3 O-O 10.Qd2 a5 11.O-O a4 12.Rad1 Qa5 13.Bd4 Be6 14.f4 Rfc8 15.b3 axb3
16.axb3 Qb4 17.f5 Bd7 18.fxg6 hxg6 19.Bxf6 Bxf6 20.Nd5 Qxb3 21.Rxf6 exf6
22.Nxf6+ Kg7 23.Nxd7 Ra2 24.Qd4+ Kh6 25.Rd3 Qb1+ 26.Bf1 Qe1 27.Rh3+ Kg5
28.Qf6+ Kg4 29.Rg3+ {#r} 1-0

[Event "Cup RGSU (students) (cat.13)"]
[Site "masterchessopen.com Moscow (Russia)"]
[Date "2012.01.30"]
[Round "3"]
[White "Robson Ray (USA)"]
[Black "Belous Vladimir (RUS)"]
[Result "1-0"]
[WhiteElo "2596"]
[BlackElo "2522"]

1.e4 c5 2.Nf3 Nc6 3.d4 cxd4 4.Nxd4 g6 5.c4 Nf6 6.Nc3 Nxd4 7.Qxd4 d6 8.Be2 Bg7
9.Bg5 O-O 10.O-O h6 11.Bd2 Be6 12.Qd3 Nd7 13.b3 Nc5 14.Qe3 Bd7 15.Rad1 a5
16.f4 Bc6 17.e5 Nd7 18.exd6 exd6 19.Qg3 Re8 20.Bf3 Nf6 21.f5 Kh7 22.fxg6+ fxg6
23.Bf4 Qb6+ 24.Kh1 Rad8 25.Qh3 Bxf3 26.Qxf3 Re6 27.Bxh6 Bxh6 28.Nd5 Nxd5
29.Qf7+ Bg7 30.Qxe6 Ne3 31.Rd3 Nf5 32.Rxf5 {#r} 1-0

[Event "Ch England (team) 2011/12 (3 div)"]
[Site "masterchessopen.com England"]
[Date "2012.02.12"]
[Round "5"]
[White "Mansson James (ENG)"]
[Black "Green Andrew (SCO)"]
[Result "0-1"]
[WhiteElo "2095"]
[BlackElo "2145"]

1.Nf3 c5 2.c4 g6 3.e4 Nc6 4.d4 cxd4 5.Nxd4 Nf6 6.Nc3 d6 7.Be2 Nxd4 8.Qxd4 Bg7
9.Bg5 O-O 10.Qd2 Be6 11.Rc1 a5 12.f3 a4 13.O-O Qa5 14.Kh1 Rfc8 15.b3 axb3
16.axb3 Qb4 17.Rb1 Ra3 18.Rfd1 Rxb3 19.Rxb3 Qxb3 20.Rb1 Qa3 21.Rxb7 Bxc4
22.Bxc4 Rxc4 23.Nb1 Qa6 24.Rb8+ Rc8 25.Rxc8+ Qxc8 26.h3 Qc4 27.Qa5 Qf1+ 28.Kh2
Qxb1 29.Qd8+ Bf8 30.Bh6 Nd7 {#R} 0-1

[Event "Ch Department (juniors) (under 12)"]
[Site "masterchessopen.com Cali (Colombia)"]
[Date "2012.03.23"]
[Round "4"]
[White "Polanco Brayan Arley"]
[Black "Quinonez Garcia Santiago"]
[Result "0-1"]
[WhiteElo "1796"]
[BlackElo "1912"]

1.e4 c5 2.Nf3 Nc6 3.d4 cxd4 4.Nxd4 g6 5.c4 Nf6 6.Nc3 Nxd4 7.Qxd4 d6 8.Be3 Bg7
9.Be2 O-O 10.Qd2 Be6 11.Rc1 {#R} 0-1

[Event "Ch Europe"]
[Site "masterchessopen.com Plovdiv (Bulgaria)"]
[Date "2012.03.27"]
[Round "7"]
[White "Sanal Vahap (TUR)"]
[Black "Neubauer Martin (AUT)"]
[Result "1-0"]
[WhiteElo "2278"]
[BlackElo "2420"]

1.e4 c5 2.Nf3 Nc6 3.d4 cxd4 4.Nxd4 g6 5.c4 Nf6 6.Nc3 d6 7.Be2 Nxd4 8.Qxd4 Bg7
9.O-O O-O 10.Qd1 Be6 11.Be3 Qa5 12.Rc1 Rfc8 13.b3 a6 14.f4 b5 15.f5 Bd7
16.fxg6 hxg6 17.e5 dxe5 18.Rxf6 exf6 19.Qxd7 Rd8 20.Qh3 f5 21.Nd5 Qxa2 22.Bf1
Rxd5 23.cxd5 Qxb3 24.d6 Qd5 25.Qf3 Qxf3 26.gxf3 Rd8 27.Rc6 Bf8 28.Bc5 Ra8
29.Bb6 {#r} 1-0

[Event "Ch Czech Republic (team) (1 liga) East"]
[Site "masterchessopen.com Czech Republic"]
[Date "2012.04.01"]
[Round "11"]
[White "Omelka Roman (CZE)"]
[Black "Koutny Petr (CZE)"]
[Result "0-1"]
[WhiteElo "2115"]
[BlackElo "2156"]

1.e4 c5 2.Nf3 g6 3.d4 cxd4 4.Nxd4 Nc6 5.c4 Nf6 6.Nc3 d6 7.Be2 Nxd4 8.Qxd4 Bg7
9.Be3 O-O 10.Qd2 a5 11.O-O a4 12.f3 Be6 13.Nd5 Nxd5 14.cxd5 Bd7 15.Bd4 Bxd4+
16.Qxd4 Qa5 17.Rac1 Rfc8 18.f4 Rc7 19.Rxc7 Qxc7 20.Qe3 Rc8 21.Bd3 Qc5 22.Kf2
Qb4 23.Rb1 Bb5 24.Bxb5 Qxb5 25.h3 Rc2+ 26.Kf3 a3 {#R} 0-1

[Event "Ch Cuba (juniors)"]
[Site "masterchessopen.com San Nicolas de Bari (Cuba)"]
[Date "2012.04.16"]
[Round "4"]
[White "Gonzalez Grave De Peralta Raul (CUB)"]
[Black "Piedra Salabarria Ernesto (CUB)"]
[Result "0-1"]
[WhiteElo "2153"]
[BlackElo "2055"]

1.e4 c5 2.Nf3 Nc6 3.d4 cxd4 4.Nxd4 g6 5.c4 Nf6 6.Nc3 Nxd4 7.Qxd4 d6 8.Be2 Bg7
9.Be3 O-O 10.Qd2 Be6 11.O-O Qa5 12.Rfc1 Rfc8 13.b3 a6 14.Rab1 Nd7 15.f4 b5
16.b4 Qd8 17.c5 dxc5 18.bxc5 Qa5 19.e5 Nxc5 20.Bf3 Rd8 21.Qe2 Bc4 22.Qc2 Rac8
23.Bxc5 Rxc5 24.Nd5 Rcxd5 25.Bxd5 Rxd5 26.a4 Bd3 27.Qd1 Bc4 28.Qc2 Rd2 {#R}
0-1

[Event "Olympiad (national) (juniors) (under 14)"]
[Site "masterchessopen.com Guanajuato (Mexico)"]
[Date "2012.05.09"]
[Round "2"]
[White "Argaez Dominguez Luis Vicente"]
[Black "Maldonado Garcia Dario"]
[Result "0-1"]
[WhiteElo "1602"]
[BlackElo "1337"]

1.e4 c5 2.Nf3 Nc6 3.d4 cxd4 4.Nxd4 g6 5.c4 Nf6 6.Nc3 d6 7.Be2 Nxd4 8.Qxd4 Bg7
9.f3 O-O 10.O-O Ng4 11.Qd3 Qb6+ 12.Kh1 Nf2+ 13.Rxf2 Qxf2 14.Be3 Qh4 15.g3 Qf6
16.Rb1 Qe6 17.Nd5 Qd7 18.Bg5 Re8 19.b3 b6 20.a4 Bb7 21.Nc3 f5 22.Qe3 Bxc3
23.Qxc3 fxe4 24.f4 e3+ 25.Kg1 Qc6 26.Kf1 Qh1# 0-1

[Event "Ch Poland (team) (juniors) (extraliga)"]
[Site "masterchessopen.com Suchedniow (Poland)"]
[Round "7"]
[White "Jarmula Lukasz (POL)"]
[Black "Dulak Karol (POL)"]
[Result "1-0"]
[WhiteElo "2145"]
[BlackElo "1453"]

1.e4 c5 2.Nf3 Nc6 3.d4 cxd4 4.Nxd4 g6 5.c4 Nf6 6.Nc3 Nxd4 7.Qxd4 d6 8.Be2 Bg7
9.Be3 O-O 10.Qd2 Be6 11.O-O a6 12.f3 Rc8 13.b3 Qa5 14.Rac1 Rfe8 15.Rfd1 Nd7
16.Bd4 Bxd4+ 17.Qxd4 Qc5 18.Qxc5 Rxc5 19.f4 f5 20.Bf3 Rc7 21.Re1 Nb6 22.a4
fxe4 23.Nxe4 Bf7 24.Ng5 Nc8 25.f5 Na7 26.Rf1 e6 27.fxe6 Bxe6 28.Nxe6 Rxe6
29.Bd5 Re7 30.Rce1 {#r} 1-0

[Event "Ch Turkey (team)"]
[Site "masterchessopen.com Konya (Turkey)"]
[Date "2012.07.19"]
[Round "10"]
[White "Coban Mete Sadik (TUR)"]
[Black "Akcan Umit (TUR)"]
[Result "0-1"]
[WhiteElo "1930"]
[BlackElo "2127"]

1.e4 c5 2.Nf3 Nc6 3.d4 cxd4 4.Nxd4 g6 5.c4 Nf6 6.Nc3 d6 7.Be2 Nxd4 8.Qxd4 Bg7
9.Be3 O-O 10.Qd2 a5 11.O-O a4 12.Rfd1 Qa5 13.Rac1 Be6 14.f3 Rfc8 15.Nb5 Nd7
16.Qxa5 Rxa5 17.Nd4 Nc5 18.Nxe6 Nxe6 19.Rd5 Nc5 20.Bd4 Nd3 21.Rd1 Bxd4+
22.Rxd4 Nxb2 23.R1d2 a3 24.Rd5 {#R} 0-1

[Event "Cup Nana Aleksandria"]
[Site "masterchessopen.com Poti (Georgia)"]
[Date "2012.07.19"]
[Round "7"]
[White "Gharagyozian Artur (ARM)"]
[Black "Ibrahimova Sabina (AZE)"]
[Result "1-0"]
[WhiteElo "2254"]
[BlackElo "2093"]

1.e4 c5 2.Nf3 Nc6 3.d4 cxd4 4.Nxd4 g6 5.c4 Nf6 6.Nc3 d6 7.Be2 Nxd4 8.Qxd4 Bg7
9.Be3 O-O 10.Qd2 a5 11.f3 a4 12.g4 Be6 13.h4 Qa5 14.Rc1 Rfc8 15.Nb5 Qxd2+
16.Bxd2 Bd7 17.Bc3 Be6 18.Na3 Bd7 19.Bb4 e5 20.Nc2 Bxg4 21.fxg4 Nxe4 22.Na3
Ng3 23.Rh2 e4 24.Bxd6 Nxe2 25.Rxe2 {#r} 1-0

[Event "It (open)"]
[Site "masterchessopen.com Kavala (Greece)"]
[Round "8"]
[White "Nitin S (IND)"]
[Black "Nikolaou Georgios (GRE)"]
[Result "1-0"]
[WhiteElo "2417"]
[BlackElo "2259"]

1.e4 c5 2.Nf3 Nc6 3.d4 cxd4 4.Nxd4 g6 5.c4 Nf6 6.Nc3 Nxd4 7.Qxd4 d6 8.Be2 Bg7
9.O-O O-O 10.Qd1 a5 11.Be3 Nd7 12.Bd4 Bxd4 13.Qxd4 Qb6 14.Qd2 Nf6 15.Kh1 Bd7
16.f4 Bc6 17.Bf3 Qc5 18.Rac1 Rac8 19.b3 Kg7 20.Rfe1 e5 21.f5 Qb4 22.g4 Rfd8
23.g5 Nd7 24.Qf2 Nc5 25.Re3 b5 26.Qh4 Rh8 27.Qh6+ Kg8 28.f6 Ne6 29.Nd5 Bxd5
30.cxd5 {#r} 1-0

[Event "Tournament (open)"]
[Site "masterchessopen.com Novokuznetsk (Russia)"]
[Date "2012.08.10"]
[Round "9"]
[White "Chernov M (RUS)"]
[Black "Medvedev Emelian (RUS)"]
[Result "0-1"]
[WhiteElo "2235"]
[BlackElo "2274"]

1.e4 c5 2.Nf3 Nc6 3.d4 cxd4 4.Nxd4 g6 5.c4 Nf6 6.Nc3 Nxd4 7.Qxd4 Bg7 8.e5 Ng8
9.Bf4 d6 10.c5 dxe5 11.Bb5+ Bd7 12.Bxe5 f6 13.Bxd7+ Qxd7 14.Qxd7+ Kxd7
15.O-O-O+ Ke8 16.Bg3 Rc8 17.Rhe1 Rxc5 18.Kb1 f5 19.Nd5 Kf7 20.Nxe7 Nf6 21.Bd6
Rb5 22.Ba3 Re8 23.Rc1 Ne4 24.f3 Nc3+ 25.Ka1 Ra5 26.Nc8 Rxc8 27.Re7+ Kg8
28.Rxb7 Rxa3 29.bxa3 Bf6 30.Re1 Nb5+ {#R} 0-1

[Event "It (cat.1)"]
[Site "masterchessopen.com Satka (Russia)"]
[Date "2012.08.23"]
[Round "7"]
[White "Sihite Chelsie Monica (INA)"]
[Black "Nasybullina Alfia (RUS)"]
[Result "1-0"]
[WhiteElo "2162"]
[BlackElo "2028"]

1.e4 c5 2.Nf3 Nc6 3.d4 cxd4 4.Nxd4 g6 5.c4 Nf6 6.Nc3 Nxd4 7.Qxd4 d6 8.Be2 Bg7
9.Be3 O-O 10.Qd2 Be6 11.Rc1 Nd7 12.h4 h5 13.Nd5 Nc5 14.f3 Bxd5 15.cxd5 Be5
16.b4 Bg3+ 17.Kf1 Nd7 18.f4 e5 19.dxe6 Nb6 20.Rh3 Bxh4 21.exf7+ Kg7 22.Bd4+
Bf6 23.Rg3 Bxd4 24.Qxd4+ Qf6 25.Qd2 Kh7 26.f5 Rxf7 27.Kg1 Rg7 28.fxg6+ Rxg6
29.Rc7+ Kg8 30.Qh6 {#r} 1-0